[Event "Albena BUL, Team Ch 2011 GrA Men"]
[Site "Albena BUL"]
[Date "2011.06.07"]
[Round "6.2"]
[White "Ivanov, Jordan"]
[Black "Ermenkov, Evgenij"]
[Result "1/2-1/2"]
[WhiteElo "2433"]
[BlackElo "2451"]
[PlyCount "39"]
[EventDate "2011.06.02"]
[EventType "team"]
[EventRounds "7"]
[EventCountry "BUL"]

1. d4 g6 2. c4 Bg7 3. Nc3 d6 4. Nf3 Nf6 5. e4 O-O 6. h3 e5 7. d5 Nh5 8. Nh2 Qe8
9. Be2 Nf4 10. Bf3 f5 11. g3 Nxh3 12. Bg2 Qf7 13. Bxh3 fxe4 14. Ng4 Bxg4 15.
Qxg4 Qxf2+ 16. Kd1 Qd4+ 17. Ke1 Qf2+ 18. Kd1 Qd4+ 19. Ke1 Qf2+ 20. Kd1 1/2-1/2

[Event "Albena BUL, Team Ch 2011 GrA Men"]
[Site "Albena BUL"]
[Date "2011.06.07"]
[Round "6.2"]
[White "Shishkov, Minko"]
[Black "Popchev, Milko"]
[Result "0-1"]
[WhiteElo "2286"]
[BlackElo "2462"]
[PlyCount "200"]
[EventDate "2011.06.02"]
[EventType "team"]
[EventRounds "7"]
[EventCountry "BUL"]

1. c4 f5 2. b3 e5 3. Bb2 Nc6 4. e3 g6 5. d4 Bg7 6. d5 Nb8 7. d6 cxd6 8. Qxd6
Nh6 9. Nf3 Nf7 10. Qd2 Nc6 11. h4 d6 12. Nc3 h6 13. Nd5 O-O 14. O-O-O Be6 15.
Kb1 Ne7 16. Be2 Nxd5 17. cxd5 Bd7 18. Rc1 Qb6 19. Rc4 a6 20. Rhc1 Rfc8 21.
Rxc8+ Rxc8 22. Rxc8+ Bxc8 23. Qc3 Bd7 24. Nd2 Qd8 25. g3 b5 26. a4 bxa4 27.
bxa4 Bxa4 28. Bxa6 Bd7 29. Qb4 Qa8 30. Qb7 Qxb7 31. Bxb7 Bb5 32. f4 Bd3+ 33.
Kc1 Bf6 34. Bc8 Kg7 35. Ba3 exf4 36. exf4 Bd4 37. Bb2 Bf6 38. Bxf6+ Kxf6 39.
Kb2 h5 40. Kc3 Be2 41. Kd4 Nh6 42. Bd7 Ke7 43. Ba4 Ng4 44. Bb3 Nf6 45. Ke3 Bb5
46. Kd4 Kd7 47. Bc2 Kc7 48. Nf3 Bf1 49. Ng5 Kd7 50. Ba4+ Ke7 51. Bc6 Bg2 52.
Kc4 Ng4 53. Kd4 Nf2 54. Ke3 Nh1 55. Bb7 Be4 56. Nxe4 fxe4 57. Kxe4 Nxg3+ 58.
Kf3 Nf5 59. Bc8 Kf6 60. Ke4 Nxh4 61. Bh3 g5 62. fxg5+ Kxg5 63. Bd7 Ng6 64. Bc8
Ne5 65. Be6 Ng4 66. Kf3 Nf6 67. Kg3 Ne4+ 68. Kf3 Nc5 69. Bc8 Kf6 70. Kf4 Nd3+
71. Ke4 Ne5 72. Kf4 Ng6+ 73. Ke4 Kg5 74. Kf3 Nf4 75. Bb7 Kf5 76. Kg3 Ng6 77.
Bc8+ Ke5 78. Be6 Kf6 79. Bc8 Kg5 80. Kf3 Nf4 81. Bb7 Kf5 82. Kg3 Ng6 83. Bc8+
Kg5 84. Kf3 Ne5+ 85. Kg3 h4+ 86. Kh3 Nd3 87. Kh2 Nf4 88. Bb7 Kg4 89. Bc8+ Kf3
90. Bb7 Ke4 91. Bc6 Kf5 92. Bb7 Ke5 93. Bc6 Nxd5 94. Kh3 Ne7 95. Be8 Nf5 96.
Kg4 d5 97. Bd7 d4 98. Bxf5 h3 99. Bc8 h2 100. Bb7 d3 0-1

[Event "Albena BUL, Team Ch 2011 GrA Men"]
[Site "Albena BUL"]
[Date "2011.06.07"]
[Round "6.3"]
[White "Chatalbashev, Boris"]
[Black "Nikolov, Momchil"]
[Result "1/2-1/2"]
[WhiteElo "2591"]
[BlackElo "2583"]
[PlyCount "60"]
[EventDate "2011.06.02"]
[EventType "team"]
[EventRounds "7"]
[EventCountry "BUL"]

1. d4 Nf6 2. c4 e6 3. Nf3 b6 4. e3 Bb7 5. Nc3 d5 6. cxd5 exd5 7. Bb5+ c6 8. Bd3
Nbd7 9. O-O Be7 10. b3 O-O 11. Bb2 Bd6 12. Qe2 a6 13. Rac1 Qe7 14. Na4 b5 15.
Nc5 Nxc5 16. dxc5 Bc7 17. Nd4 g6 18. b4 Rae8 19. a4 Ne4 20. Ra1 Bb8 21. axb5
axb5 22. Rfc1 Qc7 23. g3 h5 24. Qc2 Re7 25. Ne2 Bc8 26. Nf4 Bg4 27. Ra6 Qc8 28.
Raa1 h4 29. Ne2 hxg3 30. hxg3 Qf5 1/2-1/2

[Event "Albena BUL, Team Ch 2011 GrA Men"]
[Site "Albena BUL"]
[Date "2011.06.07"]
[Round "6.3"]
[White "Georgiev, Vladimir"]
[Black "Petkov, Vladimir"]
[Result "1-0"]
[WhiteElo "2574"]
[BlackElo "2517"]
[PlyCount "49"]
[EventDate "2011.06.02"]
[EventType "team"]
[EventRounds "7"]
[EventCountry "BUL"]

1. d4 d5 2. c4 e6 3. Nc3 Be7 4. Nf3 Nf6 5. e3 O-O 6. b3 b6 7. Bd3 c5 8. O-O Bb7
9. Bb2 cxd4 10. exd4 Nc6 11. Rc1 Rc8 12. Re1 Re8 13. cxd5 Nxd5 14. Nxd5 exd5
15. Bf5 Rc7 16. Ne5 Nxe5 17. Rxc7 Qxc7 18. dxe5 Bc5 19. Qg4 a5 20. e6 d4 21.
Bxh7+ Kf8 22. Bf5 Qc6 23. Qh3 fxe6 24. Bg6 Rd8 25. Bc1 1-0

[Event "Albena BUL, Team Ch 2011 GrA Men"]
[Site "Albena BUL"]
[Date "2011.06.07"]
[Round "6.3"]
[White "Drenchev, Petar"]
[Black "Nevednichy, Vladislav"]
[Result "1-0"]
[WhiteElo "2519"]
[BlackElo "2542"]
[PlyCount "67"]
[EventDate "2011.06.02"]
[EventType "team"]
[EventRounds "7"]
[EventCountry "BUL"]

1. d4 g6 2. c4 Bg7 3. e4 d6 4. Nc3 e5 5. dxe5 dxe5 6. Qxd8+ Kxd8 7. f4 Nc6 8.
Nf3 Nd4 9. Bd3 Nxf3+ 10. gxf3 c6 11. h4 exf4 12. Bxf4 Nf6 13. O-O-O Nh5 14. Bd6
Bh6+ 15. Kc2 f6 16. c5 Bf4 17. Bc4 Bxd6 18. Ne2 Bd7 19. Rxd6 Ke7 20. b4 Rad8
21. Kc3 Ng7 22. Nf4 Ne8 23. Rd2 Bc8 24. Rxd8 Kxd8 25. a4 Ke7 26. Rg1 Kd8 27. b5
Rf8 28. Rxg6 f5 29. e5 hxg6 30. Nxg6 Rf6 31. exf6 Nxf6 32. bxc6 bxc6 33. Kd4
Kc7 34. Nf4 1-0

[Event "Albena BUL, Team Ch 2011 GrA Men"]
[Site "Albena BUL"]
[Date "2011.06.07"]
[Round "6.3"]
[White "Bojkov, Dejan"]
[Black "Mrdja, Milan"]
[Result "1-0"]
[WhiteElo "2542"]
[BlackElo "2385"]
[PlyCount "55"]
[EventDate "2011.06.02"]
[EventType "team"]
[EventRounds "7"]
[EventCountry "BUL"]

1. e4 Nf6 2. e5 Nd5 3. d4 d6 4. Nf3 Bg4 5. Be2 e6 6. c4 Nb6 7. exd6 cxd6 8. a4
a5 9. Qb3 Nc6 10. Be3 Nb4 11. Na3 Be7 12. Bd2 Nc6 13. Bc3 O-O 14. O-O Qc7 15.
Nb5 Qb8 16. h3 Bh5 17. d5 Nd8 18. Nbd4 Nd7 19. Qb5 Qc7 20. Nb3 b6 21. dxe6 Nxe6
22. Rfe1 Ndc5 23. Nbd4 Rfe8 24. Nf5 Bf8 25. N3d4 Bxe2 26. Rxe2 g6 27. Nxe6 fxe6
28. Ne3 1-0

[Event "Albena BUL, Team Ch 2011 GrA Men"]
[Site "Albena BUL"]
[Date "2011.06.07"]
[Round "6.3"]
[White "Dobrev, Nanko"]
[Black "Petrov, Marijan"]
[Result "0-1"]
[WhiteElo "2400"]
[BlackElo "2531"]
[PlyCount "80"]
[EventDate "2011.06.02"]
[EventType "team"]
[EventRounds "7"]
[EventCountry "BUL"]

1. Nf3 g6 2. d4 Bg7 3. c4 c5 4. d5 d6 5. e4 e6 6. Be2 exd5 7. cxd5 Nf6 8. Nc3
O-O 9. Bf4 Bg4 10. Nd2 Bxe2 11. Qxe2 Nh5 12. Be3 Nd7 13. O-O a6 14. a4 Re8 15.
Kh1 Ne5 16. g4 Nf6 17. Rg1 Rb8 18. g5 Nh5 19. f4 Nd7 20. e5 dxe5 21. f5 Nf4 22.
Qg4 Nb6 23. Bxf4 exf4 24. f6 Nxd5 25. Nce4 Bf8 26. Qf3 Qc7 27. Rac1 Rbd8 28.
Nb3 b6 29. a5 Qe5 30. Nbd2 bxa5 31. b3 Ne3 32. Ra1 Rd4 33. Rxa5 Rxe4 34. Nxe4
Qxe4 35. Qxe4 Rxe4 36. Rxa6 f3 37. Ra2 Rf4 38. Rf2 c4 39. bxc4 Nxc4 40. Re1 h6
0-1

[Event "Albena BUL, Team Ch 2011 GrA Men"]
[Site "Albena BUL"]
[Date "2011.06.07"]
[Round "6.4"]
[White "Radulski, Julian"]
[Black "Dimitrov, Pavel"]
[Result "0-1"]
[WhiteElo "2571"]
[BlackElo "2344"]
[PlyCount "152"]
[EventDate "2011.06.02"]
[EventType "team"]
[EventRounds "7"]
[EventCountry "BUL"]

1. e4 d6 2. d4 Nf6 3. Nc3 g6 4. Be2 Bg7 5. h4 h5 6. Bg5 Nc6 7. Nf3 Bg4 8. d5
Bxf3 9. gxf3 Ne5 10. Qd2 c6 11. O-O-O cxd5 12. Bxf6 Bxf6 13. Nxd5 Bg7 14. f4
Nc6 15. Kb1 e6 16. Ne3 Qf6 17. Nc4 O-O 18. c3 Rfd8 19. Nxd6 Bh6 20. e5 Nxe5 21.
fxe5 Bxd2 22. exf6 Rxd6 23. Rhg1 Kf8 24. Bf3 Rad8 25. Bxb7 Bf4 26. Rxd6 Rxd6
27. Re1 Rb6 28. Bh1 Bc7 29. c4 Rd6 30. Kc2 Rd4 31. Kb3 Rf4 32. Rd1 Rxf6 33. Rd7
Be5 34. Rxa7 Rxf2 35. c5 Rxb2+ 36. Kc4 Rh2 37. Bf3 Rxh4+ 38. Kb5 g5 39. a4 g4
40. Bc6 g3 41. a5 Rh2 42. a6 Rb2+ 43. Kc4 g2 44. Bxg2 Rxg2 45. Rd7 Ra2 46. Kb5
h4 47. Rd3 Ke7 48. Kb6 Bh2 49. c6 Bg1+ 50. Kb7 Rb2+ 51. Kc8 Rb6 52. c7 Rxa6 53.
Rd1 Ra8+ 54. Kb7 Ra7+ 55. Kb8 Rxc7 56. Kxc7 Bf2 57. Kc6 f5 58. Rd7+ Kf6 59. Rh7
Bg3 60. Kc5 Ke5 61. Rh6 f4 62. Kc4 Kf5 63. Kd3 e5 64. Ke2 e4 65. Rh8 Kg4 66.
Rg8+ Kh3 67. Kf1 e3 68. Re8 Bf2 69. Rf8 Bg3 70. Re8 Bh2 71. Re7 Kg3 72. Rg7+
Kf3 73. Rg2 Bg3 74. Rf2+ Ke4 75. Ra2 h3 76. Rb2 f3 0-1

[Event "Albena BUL, Team Ch 2011 GrA Men"]
[Site "Albena BUL"]
[Date "2011.06.07"]
[Round "6.4"]
[White "Dimitrov, Radoslav"]
[Black "Grigorov, Grigor"]
[Result "1-0"]
[WhiteElo "2410"]
[BlackElo "2497"]
[PlyCount "109"]
[EventDate "2011.06.02"]
[EventType "team"]
[EventRounds "7"]
[EventCountry "BUL"]

1. e4 c5 2. Nc3 e6 3. f4 Ne7 4. Nf3 Nec6 5. d4 Nxd4 6. Nxd4 cxd4 7. Qxd4 Nc6 8.
Qf2 d5 9. exd5 exd5 10. Bd3 d4 11. Ne4 Bb4+ 12. Bd2 Bxd2+ 13. Qxd2 O-O 14.
O-O-O Bg4 15. Rdg1 Bf5 16. g4 Bxe4 17. Bxe4 Rc8 18. Qd3 g6 19. a3 Qd6 20. Qf3
Na5 21. h4 d3 22. Qxd3 Qxf4+ 23. Kb1 Nc4 24. Bd5 Rfd8 25. h5 Qe5 26. Bxc4 Rxd3
27. Bxd3 b5 28. g5 a5 29. Rh4 Rd8 30. h6 Qe3 31. Rhg4 b4 32. axb4 axb4 33. Bc4
Ra8 34. Bd5 Ra5 35. Rd1 Kf8 36. Bc6 f5 37. Rxb4 Ra7 38. Rb8+ Kf7 39. Rh8 Ke6
40. Bd5+ Kd6 41. Bg2+ Ke6 42. Bd5+ Kd6 43. Bb7+ Kc5 44. Rc8+ Kb6 45. Bg2 Rd7
46. Rb8+ Ka7 47. Ra8+ Kb6 48. Rxd7 Qg1+ 49. Ka2 Qxg2 50. Rb8+ Kc6 51. Rd3 Qxg5
52. Rc8+ Kb7 53. Rc4 Kb6 54. Rb3+ Ka5 55. Rc8 1-0

[Event "Albena BUL, Team Ch 2011 GrA Men"]
[Site "Albena BUL"]
[Date "2011.06.07"]
[Round "6.4"]
[White "Janev, Evgeni"]
[Black "Kukov, Velislav"]
[Result "1/2-1/2"]
[WhiteElo "2500"]
[BlackElo "2365"]
[PlyCount "78"]
[EventDate "2011.06.02"]
[EventType "team"]
[EventRounds "7"]
[EventCountry "BUL"]

1. e4 c6 2. c4 d5 3. exd5 cxd5 4. cxd5 Nf6 5. Nc3 Nxd5 6. Nf3 Nc6 7. d4 Bg4 8.
Bb5 Rc8 9. h3 Bxf3 10. Qxf3 e6 11. Nxd5 Qxd5 12. Qxd5 exd5 13. Be3 Be7 14. Ke2
Bf6 15. Rhc1 Ke7 16. Kd3 Nb4+ 17. Kd2 Nc6 18. Kd3 Nb4+ 19. Ke2 Nc2 20. Rab1
Bxd4 21. Ba4 Bxe3 22. fxe3 Nb4 23. Bb3 Kd6 24. Rf1 f6 25. Rbd1 Rc5 26. Rd4 Nc6
27. Rg4 Re8 28. Rxg7 Nd4+ 29. Kd3 Nxb3 30. axb3 Rb5 31. Rxf6+ Ke5 32. Rf3 h6
33. g4 Rxb3+ 34. Kc2 Rb6 35. Rgf7 Rc8+ 36. Kb1 Rcc6 37. R7f5+ Ke4 38. h4 Ra6
39. R5f4+ Ke5 1/2-1/2

[Event "Albena BUL, Team Ch 2011 GrA Men"]
[Site "Albena BUL"]
[Date "2011.06.07"]
[Round "6.4"]
[White "Badev, Kiril"]
[Black "Kozhuharov, Spas"]
[Result "1/2-1/2"]
[WhiteElo "2307"]
[BlackElo "2436"]
[PlyCount "69"]
[EventDate "2011.06.02"]
[EventType "team"]
[EventRounds "7"]
[EventCountry "BUL"]

1. e4 c5 2. Nf3 d6 3. d4 Nf6 4. Nc3 cxd4 5. Nxd4 Nc6 6. Bc4 e6 7. Be3 a6 8. Bb3
Na5 9. Qe2 Qc7 10. O-O-O b5 11. f3 b4 12. Na4 Nxb3+ 13. axb3 Nd7 14. Kb1 Nc5
15. Qd2 Bd7 16. e5 Nxa4 17. exd6 Bxd6 18. bxa4 Bxa4 19. b3 Bd7 20. Nxe6 Bxe6
21. Qxd6 Qxd6 22. Rxd6 O-O 23. Rhd1 Rfc8 24. Bb6 h5 25. Rd8+ Rxd8 26. Rxd8+
Rxd8 27. Bxd8 Kf8 28. Ba5 Ke7 29. Bxb4+ Kd7 30. Kc1 Bf5 31. Kd2 g6 32. c4 Bb1
33. Kc3 Bf5 34. Ba3 Bb1 35. Bc1 1/2-1/2

[Event "Albena BUL, Team Ch 2011 GrA Men"]
[Site "Albena BUL"]
[Date "2011.06.07"]
[Round "6.4"]
[White "Arnaudov, G  Petar"]
[Black "Mishev, Liubomir"]
[Result "1/2-1/2"]
[WhiteElo "2449"]
[BlackElo "2210"]
[PlyCount "60"]
[EventDate "2011.06.02"]
[EventType "team"]
[EventRounds "7"]
[EventCountry "BUL"]

1. Nf3 Nf6 2. c4 e6 3. g3 c5 4. Bg2 d5 5. cxd5 exd5 6. d4 Nc6 7. O-O Be7 8. Nc3
O-O 9. dxc5 Bxc5 10. Na4 Be7 11. Be3 Bg4 12. Rc1 Qd7 13. Re1 Rfe8 14. Bc5 Ne4
15. Nd4 Bg5 16. f4 Bf6 17. Bxe4 Rxe4 18. Nxc6 Qxc6 19. b3 Qe6 20. Nc3 Bxc3 21.
Rxc3 Bxe2 22. Qd2 b6 23. Bd4 Re8 24. Be5 d4 25. Bxd4 Rd8 26. Re3 Rdxd4 27. Qxe2
f5 28. Qf3 h6 29. Kf2 Qd5 30. Rxe4 fxe4 1/2-1/2

[Event "Albena BUL, Team Ch 2011 GrA Men"]
[Site "Albena BUL"]
[Date "2011.06.07"]
[Round "6.4"]
[White "Milchev, Nikolay"]
[Black "Panbukchian, Valentin"]
[Result "1-0"]
[WhiteElo "2371"]
[BlackElo "2385"]
[PlyCount "69"]
[EventDate "2011.06.02"]
[EventType "team"]
[EventRounds "7"]
[EventCountry "BUL"]

1. d4 f5 2. g3 Nf6 3. Bg2 g6 4. c4 Bg7 5. Nf3 O-O 6. b4 c6 7. Bb2 d5 8. Nbd2
Be6 9. c5 Nbd7 10. Qc2 Qc7 11. e3 Bf7 12. O-O Rae8 13. a4 Ne4 14. Ra3 h6 15.
Nb3 g5 16. Nc1 Bh5 17. Ne1 f4 18. exf4 gxf4 19. g4 f3 20. Rxf3 Rxf3 21. Bxf3
Bg6 22. Bg2 Rf8 23. Ncd3 h5 24. f3 Ng5 25. gxh5 Bh7 26. Qe2 Bf6 27. f4 Ne4 28.
Ne5 Bg7 29. h6 Bxe5 30. fxe5 Kh8 31. Rxf8+ Nxf8 32. Qf3 Ne6 33. Nd3 Qd8 34. Nf4
N6g5 35. Qg4 1-0

[Event "Albena BUL, Team Ch 2011 GrA Men"]
[Site "Albena BUL"]
[Date "2011.06.08"]
[Round "7.1"]
[White "Dimitrov, Pavel"]
[Black "Nikolov, Sasho"]
[Result "1-0"]
[WhiteElo "2344"]
[BlackElo "2418"]
[PlyCount "125"]
[EventDate "2011.06.02"]
[EventType "team"]
[EventRounds "7"]
[EventCountry "BUL"]

1. e4 e5 2. Nf3 Nc6 3. Bc4 Bc5 4. Nc3 Nf6 5. d3 a6 6. Be3 d6 7. h3 Nd4 8. Ne2
d5 9. Bxd4 exd4 10. exd5 Nxd5 11. O-O O-O 12. c3 dxc3 13. bxc3 c6 14. d4 Bd6
15. Bd3 Bc7 16. Ne5 Qh4 17. Qd2 Re8 18. c4 Ne7 19. f4 f6 20. Nf3 Qh5 21. Rf2 b5
22. f5 Qf7 23. Rc1 Bxf5 24. a4 Bxd3 25. Qxd3 bxc4 26. Rxc4 Rab8 27. Rc1 Nd5 28.
Qc4 Nb4 29. Qxf7+ Kxf7 30. Rc4 Nd3 31. Rxc6 Rec8 32. Rxa6 Nxf2 33. Kxf2 Ra8 34.
Rxa8 Rxa8 35. Nc3 Ba5 36. Nd5 Ke6 37. Nf4+ Kd6 38. Nh5 Ra7 39. Ke3 Bd8 40. Nd2
g6 41. Ne4+ Ke6 42. Nf4+ Kf7 43. Nc5 Ke7 44. Nd5+ Kd6 45. Nc3 Re7+ 46. Kd3 f5
47. Nb5+ Kc6 48. Kc4 Re2 49. d5+ Kb6 50. a5+ Kxa5 51. Nb7+ Kb6 52. Nxd8 Rxg2
53. Ne6 Rc2+ 54. Nc3 Rh2 55. Na4+ Kb7 56. Kb5 Rxh3 57. Nac5+ Kb8 58. d6 Rh1 59.
Kc6 Rd1 60. d7 Rxd7 61. Nxd7+ Ka7 62. Ndc5 h5 63. Kc7 1-0

[Event "Albena BUL, Team Ch 2011 GrA Men"]
[Site "Albena BUL"]
[Date "2011.06.08"]
[Round "7.1"]
[White "Lalev, Dimitar"]
[Black "Dimitrov, Radoslav"]
[Result "0-1"]
[WhiteElo "2365"]
[BlackElo "2410"]
[PlyCount "72"]
[EventDate "2011.06.02"]
[EventType "team"]
[EventRounds "7"]
[EventCountry "BUL"]

1. d4 d5 2. c4 e5 3. dxe5 d4 4. Nf3 Nc6 5. a3 Bg4 6. b4 Bxf3 7. exf3 Nxe5 8. f4
Ng6 9. Bd3 Qe7+ 10. Kf1 Qf6 11. g3 O-O-O 12. Nd2 Qc6 13. Qf3 Qxf3 14. Nxf3 N6e7
15. c5 g6 16. Bb2 Bg7 17. Bc4 Nd5 18. Kg2 Nh6 19. Rae1 Nf5 20. Ne5 Rhf8 21. Kf3
c6 22. Rd1 f6 23. Nd3 Nc3 24. Rde1 Kc7 25. g4 Nh4+ 26. Kg3 g5 27. Re7+ Rd7 28.
Rhe1 Ng6 29. Rxd7+ Kxd7 30. Bc1 Re8 31. Rxe8 Kxe8 32. fxg5 Ne2+ 33. Kg2 Nxc1
34. gxf6 Bh6 35. h4 Nxd3 36. Bxd3 Nf4+ 0-1

[Event "Albena BUL, Team Ch 2011 GrA Men"]
[Site "Albena BUL"]
[Date "2011.06.08"]
[Round "7.1"]
[White "Kukov, Velislav"]
[Black "Jovchev, Aleksi"]
[Result "1/2-1/2"]
[WhiteElo "2365"]
[BlackElo "2282"]
[PlyCount "107"]
[EventDate "2011.06.02"]
[EventType "team"]
[EventRounds "7"]
[EventCountry "BUL"]

1. d4 Nf6 2. Nf3 d5 3. c4 e6 4. g3 c6 5. Qc2 Ne4 6. Bg2 f5 7. O-O Bd6 8. Nfd2
O-O 9. Nxe4 dxe4 10. Nc3 e5 11. Rd1 Nd7 12. c5 Be7 13. d5 Qe8 14. d6 Bd8 15.
Na4 Nf6 16. Bg5 Nd5 17. Bxd8 Qxd8 18. Nc3 Be6 19. Nxd5 cxd5 20. b4 d4 21. f3
Qg5 22. fxe4 f4 23. Rd3 Rf6 24. Rf1 Rh6 25. b5 Qh5 26. h4 fxg3 27. Rxg3 Qxh4
28. Rff3 Rf8 29. Rxf8+ Kxf8 30. Rf3+ Rf6 31. c6 Qe1+ 32. Bf1 Rxf3 33. exf3 bxc6
34. bxc6 d3 35. Qxd3 Qg3+ 36. Bg2 Bh3 37. Qd2 Bxg2 38. Qxg2 Qe1+ 39. Qf1 Qg3+
40. Qg2 Qe1+ 41. Qf1 Qg3+ 42. Kh1 Qh4+ 43. Kg2 Qg5+ 44. Kf2 Qd2+ 45. Qe2 Qxd6
46. Qc2 Qc7 47. Qc4 Ke7 48. Qc5+ Ke6 49. Qd5+ Kf6 50. Ke2 g5 51. Qc5 Ke6 52.
Qd5+ Kf6 53. Qc5 Ke6 54. Qd5+ 1/2-1/2

[Event "Albena BUL, Team Ch 2011 GrA Men"]
[Site "Albena BUL"]
[Date "2011.06.08"]
[Round "7.1"]
[White "Filev, Georgi"]
[Black "Badev, Kiril"]
[Result "1/2-1/2"]
[WhiteElo "2361"]
[BlackElo "2307"]
[PlyCount "61"]
[EventDate "2011.06.02"]
[EventType "team"]
[EventRounds "7"]
[EventCountry "BUL"]

1. e4 e6 2. d4 d5 3. exd5 exd5 4. Bd3 Bd6 5. Nf3 Qe7+ 6. Be3 Nf6 7. O-O O-O 8.
Bg5 Bg4 9. Nbd2 Nbd7 10. c3 c6 11. Bh4 Qd8 12. Qc2 Qc7 13. Rfe1 Rfe8 14. Bg3
Bh5 15. Bf5 Bg6 16. Rxe8+ Rxe8 17. Re1 Rxe1+ 18. Nxe1 Bxg3 19. hxg3 Qa5 20.
Bxg6 hxg6 21. a3 Qc7 22. Qa4 a6 23. Nef3 Qd6 24. Qb4 Qxb4 25. axb4 Kf8 26. Kf1
Ke7 27. Ke2 Kd6 28. Ng5 Ke7 29. Ngf3 Kd6 30. Ng5 Ke7 31. Ngf3 1/2-1/2

[Event "Albena BUL, Team Ch 2011 GrA Men"]
[Site "Albena BUL"]
[Date "2011.06.08"]
[Round "7.1"]
[White "Mishev, Liubomir"]
[Black "Gochev, Mladen"]
[Result "0-1"]
[WhiteElo "2210"]
[BlackElo "2284"]
[PlyCount "112"]
[EventDate "2011.06.02"]
[EventType "team"]
[EventRounds "7"]
[EventCountry "BUL"]

1. e4 c5 2. b3 d6 3. Bb2 Nf6 4. Nc3 Nc6 5. Bc4 a6 6. Nf3 b5 7. Bd5 Bb7 8. O-O
e6 9. Bxc6+ Bxc6 10. e5 Ng4 11. d4 dxe5 12. dxe5 Qxd1 13. Nxd1 Be7 14. h3 Nh6
15. Ne3 f6 16. Nh2 f5 17. Rfd1 f4 18. Neg4 Nf5 19. Nf1 Nh4 20. f3 h5 21. Ngh2
Rh6 22. Kf2 Rg6 23. g4 fxg3+ 24. Nxg3 c4 25. Bd4 O-O-O 26. f4 Rxg3 27. Kxg3
Nf5+ 28. Kf2 Nxd4 29. c3 Bh4+ 30. Kf1 Nf5 31. Rxd8+ Kxd8 32. bxc4 bxc4 33. Ke2
Bg3 34. Nf3 Bxf4 35. Nd2 Bd5 36. Rb1 Bxe5 37. Rb4 Bxc3 38. Ra4 Bxd2 39. Kxd2 g5
40. Rxa6 g4 41. hxg4 hxg4 42. Rb6 g3 43. Rb8+ Kc7 44. Rg8 g2 45. Kc3 Kd6 46. a4
Ke5 47. Kd2 Nd4 48. Ke3 Nf5+ 49. Kf2 Nd6 50. a5 c3 51. Ke2 Nc4 52. Kd3 Nxa5 53.
Kxc3 Kf4 54. Kd4 Nc6+ 55. Kc5 Ne5 56. Rf8+ Kg3 0-1

[Event "Albena BUL, Team Ch 2011 GrA Men"]
[Site "Albena BUL"]
[Date "2011.06.08"]
[Round "7.1"]
[White "Krastev, Goran"]
[Black "Milchev, Nikolay"]
[Result "0-1"]
[WhiteElo "1967"]
[BlackElo "2371"]
[PlyCount "148"]
[EventDate "2011.06.02"]
[EventType "team"]
[EventRounds "7"]
[EventCountry "BUL"]

1. d4 d5 2. Nf3 Nc6 3. Bf4 Bg4 4. e3 e6 5. c3 Bd6 6. Bxd6 cxd6 7. Nbd2 Nf6 8.
h3 Bh5 9. Be2 O-O 10. g4 Bg6 11. g5 Ne4 12. h4 Bh5 13. Nxe4 dxe4 14. Nd2 Bxe2
15. Qxe2 d5 16. O-O-O f5 17. f4 a5 18. Qb5 Qc7 19. Nb3 b6 20. a4 Na7 21. Qa6
Qc6 22. Kc2 Nc8 23. Qb5 Qxb5 24. axb5 Nd6 25. Nd2 Nxb5 26. Ra1 Rfc8 27. Ra4 Rc6
28. Kb3 Rac8 29. Rc1 Nd6 30. Kc2 Kf7 31. h5 Ke7 32. Kb3 Kd7 33. Kc2 R8c7 34.
Kb3 Kc8 35. Kc2 Kb7 36. Kb3 Ka6 37. Rca1 Nb7 38. Kc2 Rc8 39. Nb3 Rc4 40. R4a3
R4c7 41. Nd2 Nd6 42. Ra4 Kb5 43. R4a3 Ra7 44. Rb3+ Kc6 45. Rba3 Rca8 46. Kb3 b5
47. Kc2 Kb6 48. R3a2 a4 49. Ra3 Rc7 50. R3a2 Rac8 51. Ra3 Rc6 52. R3a2 R8c7 53.
Ra3 Kb7 54. R3a2 Nc8 55. Ra3 Nb6 56. Kd1 Rc8 57. R3a2 R6c7 58. Ra3 Kc6 59. R3a2
b4 60. cxb4 Kb5 61. b3 axb3 62. Nxb3 Rc3 63. Nc5 Rxe3 64. Ra3 Rxa3 65. Rxa3 Nc4
66. Ra7 Kxb4 67. Rxg7 Ra8 68. Rxh7 Ra1+ 69. Ke2 Ra2+ 70. Ke1 Nd2 71. Rb7+ Kc4
72. h6 Nf3+ 73. Kf1 e3 74. Ra7 Rf2# 0-1

[Event "Albena BUL, Team Ch 2011 GrA Men"]
[Site "Albena BUL"]
[Date "2011.06.08"]
[Round "7.2"]
[White "Spasov, Vasil"]
[Black "Radulski, Julian"]
[Result "1/2-1/2"]
[WhiteElo "2594"]
[BlackElo "2571"]
[PlyCount "61"]
[EventDate "2011.06.02"]
[EventType "team"]
[EventRounds "7"]
[EventCountry "BUL"]

1. d4 d5 2. Nf3 Nf6 3. c4 c6 4. cxd5 cxd5 5. Nc3 Nc6 6. Bf4 Bf5 7. e3 e6 8. Bd3
Bxd3 9. Qxd3 Bd6 10. Bxd6 Qxd6 11. O-O O-O 12. Rfc1 Rfc8 13. a3 a6 14. Rc2 Rc7
15. Rac1 Rac8 16. Ne2 Ne7 17. h3 h6 18. Rxc7 Rxc7 19. Rxc7 Qxc7 20. Qc3 Qxc3
21. Nxc3 Nc6 22. Kf1 Kf8 23. Ke2 Ke7 24. Kd3 Kd6 25. b4 b5 26. Nd2 Nd7 27. Nb3
Nb6 28. Nc5 Nc4 29. Nxa6 Nxa3 30. f4 f5 31. h4 1/2-1/2

[Event "Albena BUL, Team Ch 2011 GrA Men"]
[Site "Albena BUL"]
[Date "2011.06.08"]
[Round "7.2"]
[White "Petkov, Vladimir"]
[Black "Janev, Evgeni"]
[Result "1/2-1/2"]
[WhiteElo "2517"]
[BlackElo "2500"]
[PlyCount "126"]
[EventDate "2011.06.02"]
[EventType "team"]
[EventRounds "7"]
[EventCountry "BUL"]

1. d4 d6 2. Nf3 Nf6 3. c4 Bg4 4. Nc3 g6 5. h3 Bxf3 6. exf3 Bg7 7. Be3 Nbd7 8.
Be2 c5 9. d5 a6 10. a4 O-O 11. f4 Qa5 12. Bd2 Qc7 13. Qc2 e6 14. dxe6 fxe6 15.
Bf3 Rad8 16. O-O Nb8 17. Rfe1 Rfe8 18. Ne4 Nxe4 19. Bxe4 Kf8 20. h4 d5 21. cxd5
exd5 22. Bf3 Qd6 23. Rxe8+ Rxe8 24. Qb3 Nc6 25. Qb6 Rd8 26. Rc1 c4 27. Be3 Ne7
28. Qxd6 Rxd6 29. Bc5 Rd7 30. Re1 Bf6 31. h5 Kf7 32. hxg6+ hxg6 33. Bxe7 Bxe7
34. Re5 Bf6 35. Rxd5 Rc7 36. Rd2 b5 37. axb5 axb5 38. Re2 Rc5 39. Rc2 Ke7 40.
Be4 g5 41. fxg5 Rxg5 42. g3 Kd6 43. Kg2 Re5 44. Bf3 Re1 45. Be2 Kc5 46. f4 Rb1
47. Kf3 Bxb2 48. Bd3 Kd4 49. Rxc4+ Kxd3 50. Rb4 Rf1+ 51. Kg4 Bd4 52. Rxb5 Ke4
53. Rb4 Rh1 54. Rb8 Ke3 55. Rb3+ Kf2 56. Kf5 Be3 57. g4 Rh8 58. g5 Rf8+ 59. Ke6
Bxf4 60. g6 Bh6 61. Rb7 Rg8 62. Kf6 Kg3 63. g7 Rxg7 1/2-1/2

[Event "Albena BUL, Team Ch 2011 GrA Men"]
[Site "Albena BUL"]
[Date "2011.06.08"]
[Round "7.2"]
[White "Kozhuharov, Spas"]
[Black "Drenchev, Petar"]
[Result "1/2-1/2"]
[WhiteElo "2436"]
[BlackElo "2519"]
[PlyCount "94"]
[EventDate "2011.06.02"]
[EventType "team"]
[EventRounds "7"]
[EventCountry "BUL"]

1. d4 Nf6 2. c4 g6 3. Nc3 d5 4. Nf3 Bg7 5. Bf4 O-O 6. e3 c5 7. dxc5 Qa5 8. Rc1
dxc4 9. Bxc4 Nc6 10. O-O Qxc5 11. Bb3 Qa5 12. h3 Bf5 13. Qe2 Ne4 14. Nxe4 Bxe4
15. Rfd1 Qh5 16. Bc2 Bxc2 17. Qxc2 Qb5 18. e4 Rfd8 19. Be3 Qxb2 20. Rxd8+ Nxd8
21. Qxb2 Bxb2 22. Rc7 Ba3 23. e5 b6 24. Rc3 Bb4 25. Rc4 Bc5 26. Bxc5 Rc8 27.
Bxb6 Rxc4 28. Bxd8 Kf8 29. Ba5 Ra4 30. Bd2 Rxa2 31. Kf1 a5 32. Ke2 a4 33. Nd4
a3 34. Ke3 Rb2 35. Bc1 h5 36. h4 f6 37. exf6 exf6 38. Kd3 Rxf2 39. Bxa3+ Kf7
40. g3 g5 41. Ke3 Ra2 42. Bd6 Kg6 43. Ke4 Ra6 44. Bb4 Ra4 45. Be7 Ra1 46. Bd6
Re1+ 47. Kf3 Rh1 1/2-1/2

[Event "Albena BUL, Team Ch 2011 GrA Men"]
[Site "Albena BUL"]
[Date "2011.06.08"]
[Round "7.2"]
[White "Panbukchian, Valentin"]
[Black "Dobrev, Nanko"]
[Result "1-0"]
[WhiteElo "2385"]
[BlackElo "2400"]
[PlyCount "37"]
[EventDate "2011.06.02"]
[EventType "team"]
[EventRounds "7"]
[EventCountry "BUL"]

1. f4 d5 2. Nf3 Bg4 3. Ne5 Bf5 4. c4 Nd7 5. Qb3 Nxe5 6. fxe5 e6 7. Qxb7 Ne7 8.
Nc3 Qb8 9. Qa6 c6 10. cxd5 exd5 11. d4 Qb6 12. Qa4 Bd7 13. e3 Ng6 14. Bd3 Be7
15. O-O Rd8 16. Qc2 O-O 17. Bd2 Rb8 18. Rab1 Be6 19. Na4 1-0